Normal view
MARC view
- Hadith
Entry Topical Term
001 - CONTROL NUMBER
- control field: 2565
003 - CONTROL NUMBER IDENTIFIER
- control field: OSt
005 - DATE AND TIME OF LATEST TRANSACTION
- control field: 20170509092942.0
008 - FIXED-LENGTH DATA ELEMENTS
- fixed length control field: 170509|| aca||aabn | a|a d
040 ## - CATALOGING SOURCE
- Original cataloging agency: OSt
- Transcribing agency: OSt
150 ## - HEADING--TOPICAL TERM
- Topical term or geographic name entry element: Hadith
- General subdivision: Early works to 1800
670 ## - SOURCE DATA FOUND
- Source citation: Work cat.: (OSt)0: Malik ibn Anas, d. 795 2563, Tarjamah Muwaththa' al-Imam Malik R.A. /, 1993

PORTAL AKMAL
E-MEL JKDM
AKMAL2U
G-BAM
u-PUSTAKA